Loading...
| History - World | 0 | 5 | 0 | 1 | 50 | 33 | 82.00 | 0 | 3 | 0.00 | 0.00 |
| History - European | 0 | 4 | 0 | 0 | 40 | 67 | 71.50 | 0 | 3 | 0.00 | 0.00 |
| History - Other | 0 | 4 | 1 | 0 | 35 | 50 | 67.75 | 1 | 3 | 0.00 | 0.00 |
| History - American | 0 | 4 | 1 | 2 | 35 | 43 | 92.00 | 1 | 3 | 0.00 | 0.00 |
| Popular Culture | 0 | 3 | 0 | 0 | 30 | 54 | 95.67 | 0 | 1 | 0.00 | 0.00 |
| Mythology | 0 | 3 | 0 | 0 | 30 | 35 | 59.67 | 1 | 3 | 0.00 | 0.00 |
| Other Academic | 0 | 2 | 0 | 0 | 20 | 45 | 64.00 | 0 | 2 | 0.00 | 0.00 |
| Social Science | 0 | 1 | 0 | 0 | 10 | 76 | 76.00 | 0 | 1 | 0.00 | 0.00 |
| Literature - British | 0 | 1 | 0 | 0 | 10 | 122 | 122.00 | 0 | 0 | 0.00 | 0.00 |
| Religion | 0 | 1 | 0 | 0 | 10 | 95 | 95.00 | 1 | 1 | 0.00 | 0.00 |
| Fine Arts - Painting and Sculpture | 0 | 1 | 1 | 0 | 5 | 87 | 87.00 | 1 | 1 | 0.00 | 0.00 |
| Philosophy | 0 | 0 | 1 | 0 | -5 | 0.00 | 0 | 0 | 0.00 | 0.00 |